| 000 | 00453nam a2200169Ia 4500 | ||
|---|---|---|---|
| 008 | 210719s1992 xx 000 0 und d | ||
| 020 | _a8185623759 | ||
| 041 | _aeng | ||
| 082 | _a001.6424W CONW | ||
| 100 | _aCONGER (James L) | ||
| 245 | _aWindows API bible: the definitive programmer's reference. | ||
| 260 |
_aND _bGalgotia Publications _c1992 |
||
| 300 |
_axiv,1014 _bPB |
||
| 365 |
_b396 _cRs |
||
| 650 | _aComputer Science | ||
| 906 | _aWindows | ||
| 999 |
_c213942 _d213942 |
||